| 000 | 00482nmm a2200145Ia 4500 | ||
|---|---|---|---|
| 008 | 251105s9999||||xx |||||||||||||||||und|| | ||
| 041 | _aspa | ||
| 100 | _aGarciadiego, Javier | ||
| 245 | 0 |
_aHistoria de la Revolución Mexicana. 1910-1914 : _b Volumen 1 |
|
| 264 |
_a[México D.C., Mexico] : _bEl Colegio de México, _c2023 |
||
| 300 | _a819 páginas | ||
| 650 | _aHistory of the Americas: Latin America | ||
| 856 | _uhttps://public.digitaliapublishing.com/a/131850 | ||
| 942 | _cCF | ||
| 999 |
_c106896 _d106896 |
||